| 000 | 00377cam a22001337a 4500 | ||
|---|---|---|---|
| 008 | 180718b1960 xxu||||| |||| 00| 0 eng d | ||
| 082 | _aN11x42 K619 | ||
| 100 | _aKingston-McCloughry, E.J. | ||
| 245 |
_aDefence: policy and strategy _cby E.J. Kingston-McCloughry |
||
| 260 |
_aLondon _bStevens _c1960 |
||
| 300 | _a272p. | ||
| 650 | _aStrategy | ||
| 650 | _aDefince, National - UK | ||
| 999 |
_c369374 _d369374 |
||